000 00315 a2200157 4500
001 168950
020 _a
040 _cMagnum
100 _aFaria, Edmeia
240 1 0 _aTodos acordamos um dia
_lpor
245 1 0 _aTodos acordamos um dia
362 0 _a1899
440 1 _aRHJ
697 _aJ/FICCAO
942 _cBK
999 _c168950
_d168950